Química física
| Main Authors: | , , |
|---|---|
| Format: | Section = Libro |
| Language: | Undetermined Spanish |
| Published: |
Madrid
Pearson Educación
2006
|
| Subjects: |
| LEADER | 00525nam a2200217Ia 4500 | ||
|---|---|---|---|
| 008 | 240830s9999 xx 000 0 und d | ||
| 020 | |a 84-7829-077-X | ||
| 040 | |a CEDOC FIQ-RUSB / 541 E57 | ||
| 041 | |a spa | ||
| 082 | |a 541 E57 | ||
| 100 | 1 | |a Engel, Thomas | |
| 100 | 1 | |b Reid, Philip | |
| 100 | 1 | |c Hehre, Warren | |
| 245 | 1 | 0 | |a Química física |
| 260 | |a Madrid |b Pearson Educación |c 2006 | ||
| 300 | |a 1090 p. :il | ||
| 650 | 7 | |a QUMICA FISICA | |
| 650 | 7 | |b TERMODINAMICA | |
| 942 | |c BK |2 ddc | ||
| 991 | |a TEXTO | ||
| 999 | |c 14100 | ||